000 01268pam a2200349 a 4500
001 2500
003 FISKH
005 20231213100818.0
008 980623r19991908nyu c 000 1 eng
010 _a 98035542
020 _a0694012513
020 _a9780694012510
040 _aDLC
_cDLC
_dDLC
_beng
042 _alcac
050 0 0 _aPZ7.M768
_bAn 1999
082 0 0 _a[Fic]
_221
100 1 _aMontgomery, L. M.
_q(Lucy Maud),
_d1874-1942.
245 1 0 _aAnne of Green Gables /
_cL.M. Montgomery.
250 _a1st HarperFestival ed.
260 _aNew York :
_bHarperFestival,
_c1999.
300 _a394 pages :
_c20 cm
500 _a"Book comes with a gold chain and heart"
520 _aAnne, an eleven-year-old orphan, is sent by mistake to live with a lonely, middle-aged brother and sister on a Prince Edward Island farm and proceeds to make an indelible impression on everyone around her.
650 1 _aOrphans
_vFiction.
650 1 _aFriendship
_vFiction.
650 1 _aIslands
_vFiction.
650 1 _aCountry life
_zPrince Edward Island
_vFiction.
651 1 _aPrince Edward Island
_xHistory
_y20th century
_vFiction.
651 1 _aCanada
_xHistory
_y1867-1914
_vFiction.
906 _a7
_bcbc
_corignew
_d1
_eocip
_f19
_gy-gencatlg
942 _2ddc
_cBK
_n0
999 _c2500
_d2500